|
|
|
|
| LEADER |
01152nam a2200265 a 4500 |
| 001 |
3803999 |
| 008 |
100204s1985 enkb b 001 0 eng d |
| 999 |
|
|
|c 7334
|d 7334
|
| 010 |
|
|
|a 85002120
|
| 020 |
|
|
|a 0312887809 (St. Martin's Press)
|
| 020 |
|
|
|a 0312887817 (St. Martin's Press : pbk.)
|
| 040 |
|
|
|a DLC
|c DLC
|d DLC
|
| 082 |
0 |
0 |
|a 331.409678
|2 19
|
| 100 |
1 |
|
|a Swantz, Marja-Liisa.
|9 29401
|
| 245 |
1 |
0 |
|a Women in development :
|b a creative role denied? : the case of Tanzania /
|c Marja-Liisa Swantz.
|
| 260 |
|
|
|a London :
|b C. Hurst ;
|a New York :
|b St. Martin's Press,
|c c1985.
|
| 300 |
|
|
|a ix, 177 p. :
|b 1 map ;
|c 23 cm.
|
| 504 |
|
|
|a Includes Bibliography (p. 171-174.) and index.
|
| 541 |
1 |
|
|e 00003384
|
| 650 |
|
0 |
|a Women
|x Employment
|z Tanzania
|x Case studies.
|9 29402
|
| 650 |
|
0 |
|a Women
|z Tanzania
|x Social conditions
|x Case studies.
|9 29403
|
| 650 |
|
0 |
|a Women in development
|x Case studies.
|9 29404
|
| 852 |
4 |
|
|a Ayesha Abed Library
|j General shelf
|
| 942 |
|
|
|2 ddc
|c BK
|
| 952 |
|
|
|0 0
|1 0
|2 ddc
|4 0
|6 331_409678000000000_SWA_1985
|7 0
|9 7809
|a BRACUL
|b BRACUL
|c GEN
|d 2010-02-04
|g 0.00
|l 0
|o 331.409678 SWA
|p 3010003384
|r 2010-02-04
|t 1
|w 2010-02-04
|y BK
|z Not price in Register
|